00773nam a22002177a 4500003000500000005001700005008004100022010001000063011001000073035001000083040000900093100003400102245011600136260004000252300001100292502009900303650004600402650002200448650005000470650003500520CHAP20220329140837.0971013s1995 r 00010 d a58496 a59468 a63626 cCHAP00aJiménez López, Cupertino. aPropuesta de planeación de las actividades agrícolas en la región de Tehuacán, estado de Puebla, Méx. aChapingo, Méx. :bEl autor,c1995 a111 h. aTesis (Ing. Agr. Esp. en Economía Agrícola) -- UACH. Departamento de Economía Agrícola14aAgriculturaxAspectos economicosxPuebla.14aCultivosxPuebla.14aDistrito de Desarrollo Rural Tehuacán, Pue.14aPolítica agrícolaxPuebla.